Name all Ducks and Geese of Britain - Statistics

General Stats
  • This quiz has been taken 26 times
  • The average score is 17 of 34
Answer Stats
Answer % Correct
Mallard
100%
Canada Goose
80%
Teal
80%
Tufted Duck
70%
Gadwall
65%
Pintail
65%
Greylag Goose
60%
Mandarin Duck
60%
Shoveler
60%
Wigeon
60%
Pochard
55%
Shelduck
55%
White-Fronted Goose
55%
Barnacle Goose
50%
Egyptian Goose
50%
Mute Swan
50%
Smew
50%
Long-tailed Duck
45%
Pink-Footed Goose
45%
Ruddy Duck
45%
Velvet Scoter
45%
Common Scoter
40%
Garganey
40%
Goldeneye
40%
Goosander
40%
Red-Breasted Merganser
40%
Whooper Swan
40%
Black Scoter
35%
Scaup
35%
Brent Goose
30%
Redhead
30%
Bewick's Swan
25%
Bufflehead
25%
Taiga Bean Goose
25%
No matching quizzes found
Score Distribution
Percent of People with Each Score
Percentile by Number Answered
Your Score History
You have not taken this quiz